书目信息 |
| 题名: |
图书馆自动化系统
|
|
| 作者: | Salmon , 萨蒙 著 ;胡世炎 等译 | |
| 分册: | ||
| 出版信息: | 北京 书目文献出版社 1984 |
|
| 页数: | 305页 | |
| 开本: | 19cm | |
| 丛书名: | ||
| 单 册: | ||
| 中图分类: | G258.94 | |
| 科图分类: | ||
| 主题词: | 图书馆自动化 | |
| 电子资源: | ||
| ISBN: | ||
| 000 | 00822nam0 2200277 45 | |
| 001 | 0184004624 | |
| 005 | 20060810103319.31 | |
| 010 | @dCNY1.05 | |
| 091 | @a7201.18 | |
| 100 | @a19950623d1984 em y0chiy0121 ea | |
| 101 | 1 | @achi@ceng |
| 102 | @aCN@b110000 | |
| 105 | @ay z z000yy | |
| 200 | 10 | @a图书馆自动化系统@Atu shu guan zi dong hua xi tong@f(美)萨蒙(S.R.Salmon)著@g胡世炎等译 |
| 210 | @a北京@c书目文献出版社@d1984 | |
| 215 | @a305页@d19cm | |
| 300 | @a书名原文:Library automation systems | |
| 510 | 1 | @aLibrary automation systems@zeng |
| 606 | @a图书馆自动化 | |
| 690 | @aG258.94@v3 | |
| 701 | A1 | @aSalmon@bS.R.@4著 |
| 701 | 1 | @a萨蒙@Asa meng@bS.R.@4著 |
| 702 | 0 | @a胡世炎@Ahu shi yan@4等译 |
| 801 | 2 | @aCN@bNLC@c20060810 |
| 801 | 0 | @aCN@b上海图书馆@c20040424 |
| 905 | @f4@b117306-309@dG258.94@e3 | |
| 图书馆自动化系统/(美)萨蒙(S.R.Salmon)著/胡世炎等译.-北京:书目文献出版社,1984 |
| 305页;19cm |
| 书名原文:Library automation systems |
| ISBN :CNY1.05 |
| ● |
| 相关链接 |
|
|
|
|
正题名:图书馆自动化系统
索取号:G258.94/3
 
预约/预借
| 序号 | 登录号 | 条形码 | 馆藏地/架位号 | 状态 | 备注 |
| 1 | 0117306 | 000215467 | 密集书库/ [索取号:G258.94/3] | 在馆 | |
| 2 | 0117307 | 000215234 | 密集书库/ [索取号:G258.94/3] | 在馆 | |
| 3 | 0117308 | 000215243 | 密集书库/ [索取号:G258.94/3] | 在馆 | |
| 4 | 0117309 | 000215207 | 密集书库/ [索取号:G258.94/3] | 在馆 | |
| 5 | 0117310 | 000215500 | 第一样本阅览室/ [索取号:G258.94/3] | 在馆 | |
| 6 | 0448363 | 204483638 | 密集书库/ [索取号:G258.94/3] | 在馆 |